<?xml version="1.0" encoding="UTF-8"?>
<record
    xmlns:xsi="http://www.w3.org/2001/XMLSchema-instance"
    xsi:schemaLocation="http://www.loc.gov/MARC21/slim http://www.loc.gov/standards/marcxml/schema/MARC21slim.xsd"
    xmlns="http://www.loc.gov/MARC21/slim">

  <leader>03549Cam#a22005415a#4500</leader>
  <controlfield tag="003">AR-RoUNA</controlfield>
  <controlfield tag="005">20260625121417.0</controlfield>
  <controlfield tag="008">100216s2009||||ag||||||     |||| 0|spa d</controlfield>
  <datafield tag="020" ind1=" " ind2=" ">
    <subfield code="a">978-987-677-022-4</subfield>
  </datafield>
  <datafield tag="040" ind1=" " ind2=" ">
    <subfield code="a">AR-RoUNA</subfield>
    <subfield code="b">spa</subfield>
    <subfield code="d">AR-RoUNA</subfield>
  </datafield>
  <datafield tag="041" ind1=" " ind2=" ">
    <subfield code="a">spa</subfield>
  </datafield>
  <datafield tag="044" ind1=" " ind2=" ">
    <subfield code="a">ag</subfield>
  </datafield>
  <datafield tag="080" ind1=" " ind2=" ">
    <subfield code="a">378</subfield>
    <subfield code="x">(82)</subfield>
  </datafield>
  <datafield tag="110" ind1="2" ind2=" ">
    <subfield code="a">Argentina. Universidad Nacional de Rosario. </subfield>
    <subfield code="b">Secretaria de Ciencia y Tecnolog&#xED;a.</subfield>
    <subfield code="9">20604</subfield>
  </datafield>
  <datafield tag="245" ind1="1" ind2="0">
    <subfield code="a">Jornadas de Ciencia y Tecnologia, IV :</subfield>
    <subfield code="b">Divulgaci&#xF3;n de la Producci&#xF3;n Cient&#xED;fica y Tecnol&#xF3;gica de la UNR /</subfield>
    <subfield code="c">Secretaria de Ciencia y Tecnolog&#xED;a. coordinado por Clara Eder L&#xF3;pez</subfield>
  </datafield>
  <datafield tag="250" ind1=" " ind2=" ">
    <subfield code="a">1a. ed.</subfield>
  </datafield>
  <datafield tag="260" ind1=" " ind2=" ">
    <subfield code="a">Rosario (Santa Fe, Argentina) :</subfield>
    <subfield code="b">Laborde Libros Editor,</subfield>
    <subfield code="c">2011.</subfield>
  </datafield>
  <datafield tag="300" ind1=" " ind2=" ">
    <subfield code="a">605 p :</subfield>
    <subfield code="b">gr&#xE1;ficos</subfield>
    <subfield code="b">il. byn.</subfield>
    <subfield code="c">23x16 cm.</subfield>
  </datafield>
  <datafield tag="505" ind1="0" ind2=" ">
    <subfield code="a">Noem&#xED;, Adagio / De Harvard a Mendoza: una revisi&#xF3;n de la arquitectura y su aprendizaje, bajo el signo de un "nuevo humanismo" (1946-1962). p. 11</subfield>
  </datafield>
  <datafield tag="505" ind1="0" ind2=" ">
    <subfield code="a">Gabriel Azorey; Miguel Garrof&#xE9; / El ferrocarril en la construcci&#xF3;n del Patrimonio Metropolitano de Rosario. Fisherton y Rold&#xE1;n. p. 37</subfield>
  </datafield>
  <datafield tag="505" ind1="0" ind2=" ">
    <subfield code="a">M. Beretta y otros / La memoria y la historia como forma de participaci&#xF3;n social: el caso de Barrio Acindar de Rosario recuperaci&#xF3;n participativa de la historia Barrial: caso Barrio Acindar: 1942 al 2010. p. 71</subfield>
  </datafield>
  <datafield tag="505" ind1="0" ind2=" ">
    <subfield code="a">Anal&#xED;a Brarda; Roberto De Gregorio; Noem&#xED; Balmaceda y Elina Heredia / Los edificios escolares en el escenario rural 1945-1955. p. 101</subfield>
  </datafield>
  <datafield tag="505" ind1="0" ind2=" ">
    <subfield code="a">Bibiana Cicutti / Identidades cartogr&#xE1;ficas. La mirada del territorio a trav&#xE9;s del plano. p. 123</subfield>
  </datafield>
  <datafield tag="505" ind1="0" ind2=" ">
    <subfield code="a">Elio Di Bernardo y otros / Sustentabilidad ambiental relativa de los sistemas urbanos. p. 164</subfield>
  </datafield>
  <datafield tag="505" ind1="0" ind2=" ">
    <subfield code="a">Silvia D&#xF3;cola / La confederaci&#xF3;n Argentina para Germ&#xE1;n Burmeister en 1861. El mapa como recomposici&#xF3;n de fragmentos. p. 170</subfield>
  </datafield>
  <datafield tag="505" ind1="0" ind2=" ">
    <subfield code="a">Jorge Espa&#xF1;ol / Rosario a trav&#xE9;s del parabrisas. Planes urbanos y v&#xED;as de circulaci&#xF3;n 1954-1968. p. 181</subfield>
  </datafield>
  <datafield tag="505" ind1="0" ind2=" ">
    <subfield code="a">Cecilia, Galimberti / Paisaje cultural en la contemporaneidad de la ribera metropolitana de Rosario. p. 223</subfield>
  </datafield>
  <datafield tag="505" ind1="0" ind2=" ">
    <subfield code="a">Silvia Longo / Manuales para vivienda urbana en Argentina (1932-1943). p. 281</subfield>
  </datafield>
  <datafield tag="505" ind1="0" ind2=" ">
    <subfield code="a">Isabel Mart&#xED;nez de San Vicente y otros / Uso del suelo y expansiones urbanas . p. 300</subfield>
  </datafield>
  <datafield tag="505" ind1="0" ind2=" ">
    <subfield code="a">Aicia Mateos, C&#xE9;sar Altuzarra y otros / Evaluaci&#xF3;n del impacto de las intervenciones 2009 sobre edificios escolares del &#xE1;rea metropolitana de Rosario. p. 304</subfield>
  </datafield>
  <datafield tag="505" ind1="0" ind2=" ">
    <subfield code="a">An&#xED;bal Molin&#xE9; Lura; Ana Espinosa; Mar&#xED;a Jos&#xE9; Panvini y Horacio Panvini / Incorporaci&#xF3;n de pl&#xE1;sticos como agregado inerte en morteros y hormigones. p. 324</subfield>
  </datafield>
  <datafield tag="505" ind1="0" ind2=" ">
    <subfield code="a">Marcelo Salgado y otros / Vivienda social en relaci&#xF3;n al desarrollo de iniciativas productivas en Rosario. p. 486</subfield>
  </datafield>
  <datafield tag="505" ind1="0" ind2=" ">
    <subfield code="a">Jorge V&#xE1;zquez; Patricia Mosconi y Sonia Omelianiuk  / Iluminaci&#xF3;n urbana y caracter&#xED;sticas espaciales de las calles: an&#xE1;lisis de propuestas alternativas en la ciudad de Rosario. p. 564</subfield>
  </datafield>
  <datafield tag="610" ind1="2" ind2="4">
    <subfield code="a">Universidad Nacional de Rosario. </subfield>
    <subfield code="b">Secretaria de Ciencia y Tecnologia.</subfield>
    <subfield code="9">20604</subfield>
  </datafield>
  <datafield tag="650" ind1="4" ind2=" ">
    <subfield code="a">Educacion Superior</subfield>
  </datafield>
  <datafield tag="650" ind1="4" ind2=" ">
    <subfield code="a">Jornadas</subfield>
  </datafield>
  <datafield tag="650" ind1="4" ind2=" ">
    <subfield code="a">Universidades</subfield>
  </datafield>
  <datafield tag="651" ind1="4" ind2="0">
    <subfield code="a">Santa Fe (Argentina)</subfield>
    <subfield code="9">62</subfield>
  </datafield>
  <datafield tag="651" ind1="4" ind2="0">
    <subfield code="a">Rold&#xE1;n (Santa Fe, Argentina)</subfield>
    <subfield code="9">27800</subfield>
  </datafield>
  <datafield tag="651" ind1="4" ind2="0">
    <subfield code="a">Fisherton (Rosario, Santa Fe, Argentina)</subfield>
    <subfield code="9">27801</subfield>
  </datafield>
  <datafield tag="653" ind1=" " ind2=" ">
    <subfield code="a">Producci&#xF3;n cientificos</subfield>
  </datafield>
  <datafield tag="653" ind1=" " ind2=" ">
    <subfield code="a">Exploracion Proyectual</subfield>
  </datafield>
  <datafield tag="908" ind1=" " ind2=" ">
    <subfield code="a">Imp</subfield>
  </datafield>
  <datafield tag="930" ind1=" " ind2=" ">
    <subfield code="e">12357</subfield>
  </datafield>
  <datafield tag="942" ind1=" " ind2=" ">
    <subfield code="2">udc</subfield>
    <subfield code="c">LIB</subfield>
  </datafield>
  <datafield tag="945" ind1=" " ind2=" ">
    <subfield code="a">MTC</subfield>
    <subfield code="d">2024-02-29</subfield>
  </datafield>
  <datafield tag="980" ind1=" " ind2=" ">
    <subfield code="g">Mar&#xED;a Machado</subfield>
    <subfield code="6">5</subfield>
    <subfield code="a">Mar&#xED;a Machado</subfield>
    <subfield code="8">5</subfield>
  </datafield>
  <datafield tag="999" ind1=" " ind2=" ">
    <subfield code="c">12495</subfield>
    <subfield code="d">12495</subfield>
  </datafield>
  <datafield tag="952" ind1=" " ind2=" ">
    <subfield code="0">0</subfield>
    <subfield code="1">0</subfield>
    <subfield code="2">udc</subfield>
    <subfield code="4">0</subfield>
    <subfield code="7">0</subfield>
    <subfield code="a">AR-RoUNA</subfield>
    <subfield code="b">AR-RoUNA</subfield>
    <subfield code="c">Dir</subfield>
    <subfield code="d">2026-06-25</subfield>
    <subfield code="e">Don</subfield>
    <subfield code="l">0</subfield>
    <subfield code="o">378(82)  U58</subfield>
    <subfield code="p">18542</subfield>
    <subfield code="t">ej. 1</subfield>
    <subfield code="y">LIB</subfield>
    <subfield code="x"></subfield>
  </datafield>
</record>
